[Event "Kalamaria Open"]
[Site "Thessaloniki GRE"]
[Date "2007.08.29"]
[Round "6"]
[White "Kotronias, V."]
[Black "Gelashvili, T."]
[Result "1-0"]
[WhiteElo "2612"]
[BlackElo "2604"]
[PlyCount "91"]
[EventDate "2007.08.25"]
[Source "www.chesslib.no"]
[SourceDate "2004.05.04"]

1. e4 c5 2. Nf3 d6 3. d4 cxd4 4. Nxd4 Nf6 5. Nc3 g6 6. Be3 Bg7 7. f3 a6 8. Qd2 Nbd7 9. g4 b5 10. Nc6 Qc7 11. Nxe7 Kxe7 12. g5 Bb7 13. gxf6+ Bxf6 14. O-O-O Rac8 15. Bh3 Rcd8 16. Rhe1 Bxc3 17. bxc3 Ne5 18. Bd4 Nxf3 19. Qf4 Nxd4 20. e5 Kf8 21. Rxd4 Qe7 22. Rf1 h6 23. Kb2 d5 24. e6 Rh7 25. Qg3 Rg7 26. exf7 g5 27. Re1 Qd6 28. Qd3 Rxf7 29. Re6 Qxh2 30. Rxh6 Qe5 31. Re6 Qg7 32. Qg3 b4 33. Rxb4 a5 34. Rd6 Re8 35. Rbb6 Qe5 36. Qxe5 Rxe5 37. Rd7 Rxd7 38. Bxd7 Ba8 39. Ra6 Ke7 40. Ba4 Bb7 41. Ra7 g4 42. Rxb7+ Kf6 43. Rb6+ Kg5 44. Rb8 g3 45. Rg8+ Kf4 46. Bc6 1-0

[Event "Cup Russia"]
[Site "Serpukhov RUS"]
[Date "2007.11.08"]
[Round "2.2"]
[White "Kobalia, M."]
[Black "Chuprov, D."]
[Result "0-1"]
[WhiteElo "2631"]
[BlackElo "2557"]
[PlyCount "82"]
[EventDate "2007.11.05"]
[Source "www.chesslib.no"]
[SourceDate "2004.05.04"]

1. e4 c5 2. Nf3 d6 3. d4 cxd4 4. Nxd4 Nf6 5. Nc3 g6 6. Be3 Bg7 7. f3 a6 8. Qd2 Nbd7 9. g4 b5 10. h4 h5 11. g5 Nh7 12. O-O-O Bb7 13. Kb1 O-O 14. Nd5 e6 15. Nc3 Ne5 16. Be2 Qc7 17. Ndxb5 axb5 18. Nxb5 Qc6 19. Na7 Nxf3 20. Bxf3 Qa4 21. Qxd6 Rxa7 22. Bxa7 Qxa7 23. Qc7 Qa8 24. Qf4 Qa4 25. Rd3 Bd5 26. Ra3 Qd4 27. c3 Qd3+ 28. Kc1 e5 29. Rd1 Qxd1+ 30. Bxd1 exf4 31. exd5 f6 32. gxf6 Nxf6 33. Ra6 Ng4 34. Rxg6 f3 35. Bxf3 Rxf3 36. a4 Rf1+ 37. Kd2 Rf2+ 38. Kc1 Ne5 39. Rg3 Kf7 40. a5 Bh6+ 41. Kb1 Nc4 0-1

[Event "48. TCh-SCG"]
[Site "?"]
[Date "2005.05.15"]
[Round "1"]
[White "Delchev Aleksander"]
[Black "Nataf Igor-Alexandre"]
[Result "1-0"]
[WhiteElo "2614"]
[BlackElo "2559"]
[PlyCount "47"]
[EventDate "2005.??.??"]
[Source "www.chesslib.no"]
[SourceDate "2004.05.04"]

1. e4 c5 2. Nf3 d6 3. d4 cxd4 4. Nxd4 Nf6 5. Nc3 g6 6. Be3 Bg7 7. f3 a6 8. Qd2 Nbd7 9. O-O-O b5 10. g4 Bb7 11. a3 Nb6 12. Bh6 Bxh6 13. Qxh6 Qc7 14. h4 d5 15. e5 Qxe5 16. Bxb5+ axb5 17. Rhe1 Ng8 18. Qd2 Qg7 19. Ncxb5 Kf8 20. g5 Rc8 21. Qf4 Nf6 22. Rxe7 Nh5 23. Qd6 Nc4 24. Re8+ 1-0

[Event "LXVIII Campionato Italiano Assoluto"]
[Site "Martina Franca ITA"]
[Date "2008.12.14"]
[Round "11"]
[White "Caruana, F."]
[Black "Godena, M."]
[Result "1/2-1/2"]
[WhiteElo "2640"]
[BlackElo "2517"]
[PlyCount "62"]
[EventDate "2008.12.03"]
[Source "www.chesslib.no"]
[SourceDate "2004.05.04"]

1. e4 c5 2. Nf3 d6 3. d4 cxd4 4. Nxd4 Nf6 5. Nc3 g6 6. Be3 Bg7 7. f3 a6 8. Bc4 Nbd7 9. Qd2 b5 10. Bb3 Nc5 11. O-O-O Bd7 12. Bh6 Bxh6 13. Qxh6 e5 14. Nf5 Nxb3+ 15. axb3 Bxf5 16. exf5 gxf5 17. Nd5 Nxd5 18. Rxd5 Rg8 19. Rxd6 Qg5+ 20. Qxg5 Rxg5 21. g3 Rg6 22. Rd5 Re6 23. f4 exf4 24. gxf4 Re2 25. Rxf5 Rc8 26. Re5+ Rxe5 27. fxe5 Rc5 28. Re1 Ke7 29. Kd2 Rd5+ 30. Kc3 Rc5+ 31. Kd3 Rd5+ 1/2-1/2

[Event "Corsica rap op"]
[Site "Corsica"]
[Date "1997.??.??"]
[Round "8"]
[White "Korneev, Oleg"]
[Black "Tiviakov, Sergei"]
[Result "0-1"]
[WhiteElo "2565"]
[BlackElo "2590"]
[PlyCount "67"]
[EventDate "1997.??.??"]
[Source "www.chesslib.no"]
[SourceDate "2004.05.04"]

1. e4 c5 2. Nf3 d6 3. d4 cxd4 4. Nxd4 Nf6 5. Nc3 g6 6. Be3 Bg7 7. f3 Nc6 8. Qd2 Bd7 9. O-O-O Rc8 10. g4 Ne5 11. h4 h5 12. g5 Nh7 13. f4 Ng4 14. Bh3 Nxe3 15. Bxd7+ Qxd7 16. Qxe3 O-O 17. e5 Rfe8 18. exd6 exd6 19. Qh3 Qxh3 20. Rxh3 Rc4 21. Rhd3 Nf8 22. b3 Rc5 23. Ncb5 Rd8 24. Nxa7 Ra8 25. Nab5 Rxa2 26. Kb1 Ra6 27. c3 Rb6 28. Kc2 d5 29. b4 Rc8 30. Kb3 Ne6 31. Nxe6 fxe6 32. Nd4 Ra6 33. Re1 Kf7 34. Nb5 0-1

[Event "Jakarta"]
[Site "?"]
[Date "1997.??.??"]
[Round "?"]
[White "Korneev, O."]
[Black "Tiviakov, S."]
[Result "0-1"]
[WhiteElo "2565"]
[BlackElo "2590"]
[PlyCount "116"]
[EventDate "1997.??.??"]
[Source "ChessBase"]
[SourceDate "1997.06.01"]

1. e4 c5 2. Nf3 d6 3. d4 cxd4 4. Nxd4 Nf6 5. Nc3 g6 6. Be3 Bg7 7. f3 Nc6 8. Qd2 Bd7 9. O-O-O Rc8 10. g4 h5 11. g5 Nh7 12. f4 O-O 13. Be2 Re8 14. h4 Nf8 15. Rhf1 Qa5 16. Kb1 Ne6 17. Nb3 Bxc3 18. Nxa5 Bxd2 19. Bxd2 Nc5 20. Bd3 Bg4 21. Rde1 Nd4 22. Re3 d5 23. exd5 Nxd3 24. cxd3 Nf5 25. Re4 Nxh4 26. Nxb7 Nf5 27. Na5 Ng3 28. Rfe1 Nxe4 29. dxe4 Bd7 30. Bc3 f6 31. gxf6 exf6 32. Nb7 Rxc3 33. bxc3 Rb8 34. c4 Rxb7+ 35. Kc2 Kf7 36. Kc3 Ke7 37. c5 Bg4 38. e5 fxe5 39. fxe5 Bf3 40. c6 Rb8 41. c7 Rc8 42. Kd4 g5 43. Rc1 g4 44. Rc6 g3 45. Rg6 g2 46. d6+ Kd7 47. Rg7+ Kc6 48. Ke3 Bd5 49. d7 g1=Q+ 50. Rxg1 Kxd7 51. Rg7+ Kc6 52. Rh7 Rxc7 53. Rxh5 Bxa2 54. Rh2 Bc4 55. Kd4 Kb5 56. Rb2+ Ka4 57. Rc2 Kb4 58. e6 a5 0-1

[Event "Eastern Class Ch 9th"]
[Site "?"]
[Date "2000.??.??"]
[Round "4"]
[White "Ivanov Alexander"]
[Black "Kudrin Sergey"]
[Result "1/2-1/2"]
[WhiteElo "2635"]
[BlackElo "2496"]
[PlyCount "74"]
[EventDate "2000.??.??"]
[Source "www.chesslib.no"]
[SourceDate "2004.05.04"]

1. e4 c5 2. Nf3 d6 3. d4 cxd4 4. Nxd4 Nf6 5. Nc3 g6 6. Be3 Bg7 7. f3 Nc6 8. Qd2 Be6 9. Nxe6 fxe6 10. Bc4 Kf7 11. a3 Rc8 12. Ba2 Ne5 13. Qe2 Rxc3 14. bxc3 Qa5 15. Bd4 Nc6 16. O-O Nxd4 17. cxd4 Rc8 18. Kh1 Qc3 19. e5 dxe5 20. Qxe5 Nd5 21. Qe4 Qxd4 22. Rae1 Rc6 23. Rd1 Qb6 24. Bxd5 exd5 25. Qxd5+ Kf8 26. Rb1 Qd4 27. Qxd4 Bxd4 28. Rxb7 Rxc2 29. Rd7 Be3 30. g3 Ra2 31. Rfd1 h5 32. R1d3 Ra1+ 33. Rd1 Ra2 34. R7d3 Bc5 35. R1d2 Ra1+ 36. Rd1 Ra2 37. Rd5 Bb6 1/2-1/2

[Event "East Kilbride 72/219"]
[Site "?"]
[Date "1998.??.??"]
[Round "?"]
[White "Lalic, Bogdan"]
[Black "Hodgson, Julian M"]
[Result "0-1"]
[WhiteElo "2545"]
[BlackElo "2575"]
[PlyCount "66"]
[EventDate "1998.??.??"]
[Source "ChessBase"]
[SourceDate "1998.02.01"]

1. e4 c5 2. Nf3 d6 3. d4 cxd4 4. Nxd4 Nf6 5. Nc3 g6 6. Be3 Bg7 7. f3 Nc6 8. Qd2 Bd7 9. Bc4 Rc8 10. Bb3 Ne5 11. O-O-O Qa5 12. Kb1 Rxc3 13. Qxc3 Qxc3 14. bxc3 O-O 15. Bf4 Rc8 16. Bxe5 dxe5 17. Ne2 b5 18. Rd3 h5 19. Rhd1 Rc7 20. Ng3 a5 21. a3 Bf8 22. f4 exf4 23. e5 fxg3 24. exf6 gxh2 25. Rh1 exf6 26. Rxh2 Bxa3 27. c4 bxc4 28. Bxc4 Bb4 29. Rh4 Bg4 30. Bd5 Bf5 31. Be4 Rc4 32. Re3 Bd2 33. Re2 Rb4+ 0-1

[Event "Amici Sumus LADAC/CAPA (A)"]
[Site "?"]
[Date "1998.??.??"]
[Round "?"]
[White "Morgado Juan Sebastian (ARG"]
[Black "Enricci Juan Andres"]
[Result "1/2-1/2"]
[WhiteElo "2615"]
[BlackElo "2505"]
[PlyCount "61"]
[EventDate "1998.??.??"]
[Source "www.chesslib.no"]
[SourceDate "2004.05.04"]

1. e4 c5 2. Nf3 d6 3. d4 cxd4 4. Nxd4 Nf6 5. Nc3 g6 6. Be3 Bg7 7. f3 Nc6 8. Qd2 Bd7 9. Bc4 Rc8 10. Bb3 Ne5 11. Bh6 Bxh6 12. Qxh6 Qa5 13. Nde2 Nc4 14. O-O-O Qh5 15. Qxh5 Nxh5 16. Rd4 Na5 17. Nd5 Nxb3+ 18. axb3 f6 19. Kd2 Kf7 20. Ra1 a6 21. Rb4 Rb8 22. Nb6 Be6 23. Nd4 Rhd8 24. Nxe6 Kxe6 25. Ke3 Ng7 26. Rd4 Kf7 27. Rad1 Ne6 28. R4d2 g5 29. b4 Nf8 30. Ra1 Nd7 31. Nxd7 1/2-1/2

[Event "It B"]
[Site "?"]
[Date "2005.04.09"]
[Round "9"]
[White "Perez Candelario Manuel"]
[Black "Cheparinov Ivan"]
[Result "1/2-1/2"]
[WhiteElo "2495"]
[BlackElo "2621"]
[PlyCount "103"]
[EventDate "2005.??.??"]
[Source "www.chesslib.no"]
[SourceDate "2004.05.04"]

1. e4 c5 2. Nf3 d6 3. d4 cxd4 4. Nxd4 Nf6 5. Nc3 g6 6. Be3 Bg7 7. f3 a6 8. Qd2 Nbd7 9. g4 b5 10. O-O-O Bb7 11. g5 Nh5 12. Nce2 Nb6 13. Ng3 Nxg3 14. hxg3 d5 15. Nb3 Na4 16. e5 Bxe5 17. Bd4 Qc7 18. Bh3 Bxg3 19. Kb1 e5 20. Be3 d4 21. Qg2 dxe3 22. Qxg3 Nb6 23. Na5 Bc8 24. Bg4 Bxg4 25. fxg4 Nd7 26. Nb3 Qb6 27. Rd3 Qc6 28. Rh2 e2 29. Re3 f6 30. gxf6 Qxf6 31. Rf2 Qe7 32. Nd4 Rf8 33. Nf3 O-O-O 34. Rfxe2 Nb6 35. Rc3+ Kb7 36. a3 Rd1+ 37. Ka2 Qe6+ 38. Rb3 Nc4 39. Re1 Rxe1 40. Qxe1 Rf4 41. g5 e4 42. Nd4 Qe5 43. Qc3 Kc7 44. Rb4 Kd6 45. Rxc4 bxc4 46. Qb4+ Kd7 47. Qb7+ Ke8 48. Nc6 Qd6 49. Qc8+ Kf7 50. Nd8+ Ke7 51. Nc6+ Kf7 52. Nd8+ 1/2-1/2

[Event "SPICE Cup"]
[Site "Lubbock USA"]
[Date "2007.11.09"]
[Round "1"]
[White "Hernandez Guerrero, G."]
[Black "Gulko, B."]
[Result "1-0"]
[WhiteElo "2536"]
[BlackElo "2571"]
[PlyCount "81"]
[EventDate "2007.11.09"]
[Source "www.chesslib.no"]
[SourceDate "2004.05.04"]

1. e4 c5 2. Nf3 d6 3. d4 cxd4 4. Nxd4 Nf6 5. Nc3 g6 6. Be3 Bg7 7. f3 a6 8. Qd2 Nbd7 9. g4 b5 10. h4 Bb7 11. h5 Rg8 12. O-O-O Rc8 13. hxg6 hxg6 14. g5 Nh5 15. Bh3 Rh8 16. Nd5 Rc5 17. Nb3 Rc4 18. Bxd7+ Qxd7 19. Nb6 Qc7 20. Nxc4 bxc4 21. Qa5 Qc8 22. Nd4 Ng3 23. Rxh8+ Bxh8 24. Qe1 Qh3 25. Kb1 Be5 26. Ne2 Nxe2 27. Qxe2 Qe6 28. b3 cxb3 29. axb3 d5 30. Qd3 Bd6 31. exd5 Bxd5 32. Bf2 Bb7 33. Bg3 Kd7 34. Bxd6 exd6 35. Qc3 Bc6 36. Re1 Qh3 37. Qf6 Bd5 38. Re7+ Kc6 39. Qc3+ Kb5 40. Qd3+ Kc5 41. b4+ 1-0

[Event "jub30-A corr9196"]
[Site "Finland"]
[Date "1991.??.??"]
[Round "?"]
[White "Slavtschev, Petko Kolev"]
[Black "Kiviaho, Robert Joel"]
[Result "0-1"]
[WhiteElo "2520"]
[BlackElo "2580"]
[PlyCount "66"]
[EventDate "1991.??.??"]
[Source "www.chesslib.no"]
[SourceDate "2004.05.04"]

1. e4 c5 2. Nf3 d6 3. d4 cxd4 4. Nxd4 Nf6 5. Nc3 g6 6. Be3 Bg7 7. f3 Nc6 8. Qd2 Bd7 9. O-O-O Rc8 10. Nxc6 bxc6 11. Bh6 Bxh6 12. Qxh6 Qa5 13. Bc4 g5 14. Qg7 Rf8 15. Rhe1 Qe5 16. g3 Rb8 17. a3 Be6 18. Bxe6 fxe6 19. Qh6 Kd7 20. Rf1 Rxb2 21. Kxb2 Rb8+ 22. Ka2 Qxc3 23. Rb1 Qxc2+ 24. Ka1 Rb3 25. Rxb3 Qxb3 26. Rf2 Qxa3+ 27. Kb1 Qd3+ 28. Ka2 g4 29. Qc1 gxf3 30. Qa3 Qc4+ 31. Ka1 Qd4+ 32. Qb2 Qa4+ 33. Qa2 Qd1+ 0-1

[Event "It (Open) Baku AZE"]
[Site "?"]
[Date "2006.05.06"]
[Round "3"]
[White "Guseinov Gadir"]
[Black "Shanava Konstantine"]
[Result "1/2-1/2"]
[WhiteElo "2615"]
[BlackElo "2484"]
[PlyCount "83"]
[EventDate "2006.??.??"]
[Source "www.chesslib.no"]
[SourceDate "2004.05.04"]

1. e4 c5 2. Nc3 d6 3. Nf3 Nf6 4. d4 cxd4 5. Nxd4 g6 6. Be3 Bg7 7. f3 a6 8. Qd2 Nbd7 9. g4 b5 10. h4 h5 11. g5 Nh7 12. f4 Nc5 13. Bg2 Bb7 14. f5 O-O 15. O-O b4 16. Nd5 e6 17. f6 exd5 18. fxg7 Re8 19. exd5 Ne4 20. Qd3 Nc5 21. Qe2 Re5 22. Nc6 Bxc6 23. dxc6 Qe7 24. Rae1 Re8 25. Qf3 Rxe3 26. Rxe3 Qxe3+ 27. Qxe3 Rxe3 28. Bd5 Kxg7 29. c7 Re8 30. Rxf7+ Kh8 31. a3 a5 32. axb4 axb4 33. Bg2 Nf8 34. Re7 Rc8 35. Bh3 Nfe6 36. Bxe6 Nxe6 37. Rxe6 Rxc7 38. Re4 Rxc2 39. Rxb4 d5 40. Kf1 d4 41. Rxd4 Rxb2 42. Rf4 1/2-1/2

[Event "Elgoibar 10th"]
[Site "Elgoibar"]
[Date "2000.??.??"]
[Round "6"]
[White "Korneev, Oleg"]
[Black "Romero Holmes, Alfonso"]
[Result "1-0"]
[WhiteElo "2619"]
[BlackElo "2473"]
[PlyCount "83"]
[EventDate "2000.11.28"]
[Source "ChessBase"]
[SourceDate "2001.03.20"]

1. e4 c5 2. Nf3 d6 3. d4 cxd4 4. Nxd4 Nf6 5. Nc3 g6 6. Be3 Bg7 7. f3 Nbd7 8. Qd2 a6 9. O-O-O b5 10. Bh6 Bxh6 11. Qxh6 Bb7 12. Kb1 Qb6 13. h4 Rc8 14. h5 e5 15. Nb3 Nxh5 16. g4 Nf4 17. Ne2 Qc7 18. Rd2 Ne6 19. g5 Nb6 20. Na5 Ba8 21. Bh3 Rd8 22. Rhd1 Qe7 23. Bxe6 fxe6 24. f4 exf4 25. Nxf4 Rf8 26. Qh4 Na4 27. e5 d5 28. Nb3 Rf5 29. a3 b4 30. axb4 Rb8 31. Nd3 Rxg5 32. Qd4 h5 33. Nbc5 Nxc5 34. Nxc5 Rg4 35. Qd3 Rgxb4 36. Qxg6+ Qf7 37. Qxf7+ Kxf7 38. Rf2+ Ke7 39. Rdf1 Rxb2+ 40. Ka1 R2b5 41. Rf7+ Kd8 42. Nxe6+ 1-0

[Event "Istanbul ol (Men)"]
[Site "Istanbul"]
[Date "2000.11.10"]
[Round "13"]
[White "Kunte, Abhijit"]
[Black "Macieja, Bartlomiej"]
[Result "1/2-1/2"]
[WhiteElo "2556"]
[BlackElo "2536"]
[PlyCount "39"]
[EventDate "2000.10.??"]
[Source "www.chesslib.no"]
[SourceDate "2004.05.04"]

1. e4 c5 2. Nf3 d6 3. d4 Nf6 4. Nc3 cxd4 5. Nxd4 g6 6. Be3 Bg7 7. f3 Nc6 8. Bc4 Qb6 9. Ncb5 Qa5+ 10. c3 O-O 11. O-O a6 12. Na3 Qc7 13. Bb3 Na5 14. c4 Bd7 15. Rc1 Rac8 16. Ba4 Bxa4 17. Qxa4 Nc6 18. Rfd1 Nxd4 19. Bxd4 Nd7 20. Bxg7 1/2-1/2

[Event "Corr"]
[Site "?"]
[Date "1996.??.??"]
[Round "?"]
[White "Johnson Maurice W"]
[Black "Alvarez Rouchaud Carlos Alber"]
[Result "1-0"]
[WhiteElo "2618"]
[BlackElo "2473"]
[PlyCount "69"]
[EventDate "1996.??.??"]
[Source "www.chesslib.no"]
[SourceDate "2004.05.04"]

1. e4 c5 2. Nf3 d6 3. d4 cxd4 4. Nxd4 Nf6 5. Nc3 g6 6. Be3 Bg7 7. f3 O-O 8. Qd2 Nc6 9. O-O-O Bd7 10. g4 Rc8 11. h4 Ne5 12. Kb1 Qa5 13. Nd5 Qxd2 14. Nxe7+ Kh8 15. Bxd2 Rce8 16. Bb4 Nexg4 17. fxg4 Nxe4 18. Nd5 Bxg4 19. Be2 Bxe2 20. Nxe2 Nf2 21. Nec3 Rd8 22. Nb5 Nxh1 23. Rxh1 a6 24. Nbc7 Be5 25. Rh3 Rb8 26. Bd2 f5 27. Bh6 Rf7 28. Ne6 Re8 29. Ng5 Rd7 30. Re3 Rb8 31. c4 Bg7 32. Bxg7+ Rxg7 33. Re6 Rd8 34. Rf6 Re8 35. Rxd6 1-0

[Event "Martinez op-A"]
[Site "Cannes"]
[Date "2000.08.02"]
[Round "5"]
[White "Bauer, Christian"]
[Black "Kazhgaleyev, Murtas"]
[Result "1-0"]
[WhiteElo "2562"]
[BlackElo "2526"]
[PlyCount "95"]
[EventDate "2000.07.29"]
[Source "www.chesslib.no"]
[SourceDate "2004.05.04"]

1. e4 c5 2. Nf3 d6 3. d4 cxd4 4. Nxd4 Nf6 5. Nc3 g6 6. Be3 Bg7 7. f3 Nc6 8. Qd2 Bd7 9. O-O-O Rc8 10. g4 Ne5 11. Kb1 O-O 12. h4 h5 13. g5 Nh7 14. Be2 a6 15. Nb3 b5 16. Bd4 Re8 17. Nd5 Be6 18. Rhe1 Nf8 19. f4 Nc4 20. Bxc4 bxc4 21. Bxg7 Kxg7 22. Qc3+ Kg8 23. Na5 Bxd5 24. exd5 Qd7 25. Nc6 e6 26. Qf3 exd5 27. Nb4 Rxe1 28. Rxe1 Re8 29. Rd1 Qg4 30. Qxg4 hxg4 31. Nxd5 Nd7 32. Rg1 Re4 33. Kc1 Kg7 34. Rxg4 Nc5 35. Nf6 Re1+ 36. Kd2 Rh1 37. Ne8+ Kf8 38. Nxd6 Rh2+ 39. Kc3 Na4+ 40. Kxc4 Nxb2+ 41. Kb3 Nd1 42. f5 Rh3+ 43. Kb4 Ne3 44. Re4 Nxc2+ 45. Kc5 gxf5 46. Nxf5 Ra3 47. Kd6 a5 48. Rc4 1-0

[Event "It (Open) Baku AZE"]
[Site "?"]
[Date "2006.05.10"]
[Round "7"]
[White "Korneev Oleg"]
[Black "Guseinov Elmir"]
[Result "1/2-1/2"]
[WhiteElo "2671"]
[BlackElo "2417"]
[PlyCount "92"]
[EventDate "2006.??.??"]
[Source "www.chesslib.no"]
[SourceDate "2004.05.04"]

1. e4 c5 2. Nf3 d6 3. d4 cxd4 4. Nxd4 Nf6 5. Nc3 g6 6. Be3 Bg7 7. f3 Nc6 8. Qd2 Bd7 9. O-O-O h5 10. Kb1 a6 11. h3 b5 12. Be2 Ne5 13. g4 Rc8 14. a3 Nc4 15. Bxc4 Rxc4 16. Qd3 O-O 17. Rhg1 Qb8 18. b3 Rfc8 19. Nd5 Nxd5 20. exd5 hxg4 21. hxg4 Rc3 22. Qe4 b4 23. Bd2 bxa3 24. Bxc3 Rxc3 25. Ka2 a5 26. Ne2 f5 27. gxf5 Bxf5 28. Nxc3 Bxe4 29. Nxe4 Qc8 30. c3 Qh3 31. Rxg6 Qxf3 32. Re1 Qd3 33. Reg1 Qxe4 34. Rxg7+ Kf8 35. Rg8+ Kf7 36. c4 a4 37. R1g7+ Kf6 38. Rg6+ Kf7 39. R6g7+ Kf6 40. Kxa3 axb3 41. Kxb3 Qe3+ 42. Ka4 Qa7+ 43. Kb4 Qc5+ 44. Kb3 Qe3+ 45. Ka4 Qa7+ 46. Kb3 Qe3+ 1/2-1/2

[Event "4 Nations (2eme tournoi)"]
[Site "?"]
[Date "2004.12.10"]
[Round "2.5"]
[White "Felgaer Ruben"]
[Black "Romero Holmes Alfonso"]
[Result "1/2-1/2"]
[WhiteElo "2569"]
[BlackElo "2514"]
[PlyCount "56"]
[EventDate "2004.??.??"]
[Source "www.chesslib.no"]
[SourceDate "2004.05.04"]

1. e4 c5 2. Nf3 d6 3. d4 cxd4 4. Nxd4 Nf6 5. Nc3 g6 6. Be3 Bg7 7. f3 Nbd7 8. Bc4 a6 9. Bb3 b6 10. g4 Bb7 11. Qd2 h5 12. g5 Nh7 13. O-O-O Nc5 14. Bd5 Qd7 15. f4 O-O 16. Rhf1 b5 17. f5 b4 18. Nce2 Nxe4 19. Bxe4 Bxe4 20. Ng3 Qb7 21. Rf4 Bd5 22. Nb3 Bxb3 23. Rxb4 Qd5 24. axb3 Qxd2+ 25. Rxd2 Be5 26. Rf2 Rfb8 27. Ra4 Bxg3 28. hxg3 Rb5 1/2-1/2

[Event "SSKK Bulletinen 40 years"]
[Site "SSKK Bulletinen 40 years"]
[Date "1994.??.??"]
[Round "?"]
[White "Hector, Jonny"]
[Black "Johnson, Maurice W"]
[Result "1/2-1/2"]
[WhiteElo "2515"]
[BlackElo "2560"]
[PlyCount "61"]
[EventDate "1994.??.??"]
[Source "www.chesslib.no"]
[SourceDate "2004.05.04"]

1. e4 c5 2. Nf3 d6 3. d4 cxd4 4. Nxd4 Nf6 5. Nc3 g6 6. Be3 Bg7 7. f3 Nc6 8. Bc4 Bd7 9. Qe2 O-O 10. O-O-O Na5 11. Bb3 Nxb3+ 12. cxb3 a6 13. Kb1 b5 14. Rc1 Rc8 15. Qd2 b4 16. Nce2 a5 17. g4 e5 18. Rxc8 Qxc8 19. Nc2 Qa6 20. Ng3 Rc8 21. Rd1 Bf8 22. Bh6 Bxh6 23. Qxh6 Be6 24. Qd2 Ne8 25. Nf5 Qa7 26. Nfe3 Kg7 27. h4 Rc5 28. h5 Qb7 29. Ne1 Qb5 30. Nd3 Rc7 31. Nf5+ 1/2-1/2

[Event "New York"]
[Site "?"]
[Date "1997.??.??"]
[Round "?"]
[White "Ehlvest, J."]
[Black "Henley, R."]
[Result "1-0"]
[WhiteElo "2635"]
[BlackElo "2440"]
[PlyCount "63"]
[EventDate "1997.??.??"]
[Source "ChessBase"]
[SourceDate "1997.02.01"]

1. Nf3 c5 2. e4 d6 3. d4 cxd4 4. Nxd4 Nf6 5. Nc3 g6 6. Be3 Bg7 7. f3 O-O 8. Qd2 Nc6 9. O-O-O Bd7 10. g4 Rc8 11. h4 Ne5 12. h5 Nxf3 13. Nxf3 Bxg4 14. h6 Bh8 15. Be2 Qd7 16. Bd4 e5 17. Be3 Rxc3 18. Qxc3 Nxe4 19. Qe1 Rc8 20. Kb1 d5 21. Rg1 Be6 22. Qb4 Qc7 23. Bd3 Nd6 24. Ng5 e4 25. Rc1 Bf5 26. Be2 b6 27. Rgd1 Nc4 28. Bxc4 dxc4 29. Rd5 f6 30. Rxf5 gxf5 31. Ne6 Qd7 32. Nf4 1-0

[Event "Ubeda op"]
[Site "Ubeda"]
[Date "1997.??.??"]
[Round "3"]
[White "Korneev, Oleg"]
[Black "Hoffman, Alejandro"]
[Result "1/2-1/2"]
[WhiteElo "2590"]
[BlackElo "2480"]
[PlyCount "41"]
[EventDate "1997.02.??"]
[Source "ChessBase"]

1. e4 c5 2. Nf3 d6 3. d4 cxd4 4. Nxd4 Nf6 5. Nc3 g6 6. Be3 Bg7 7. f3 Nc6 8. Qd2 Bd7 9. O-O-O Rc8 10. Nxc6 bxc6 11. g4 Qa5 12. Bc4 O-O 13. h4 Be6 14. Bxe6 fxe6 15. Bh6 Bxh6 16. Qxh6 Rb8 17. Qe3 Nd7 18. f4 Qb6 19. Qxb6 axb6 20. e5 d5 21. Ne2 1/2-1/2

[Event "Marcussi Memorial"]
[Site "?"]
[Date "1996.??.??"]
[Round "?"]
[White "Kofidis Spyros"]
[Black "Alvarez Rouchaud Carlos Alber"]
[Result "1-0"]
[WhiteElo "2590"]
[BlackElo "2470"]
[PlyCount "21"]
[EventDate "1996.??.??"]
[Source "www.chesslib.no"]
[SourceDate "2004.05.04"]

1. e4 c5 2. Nf3 d6 3. d4 cxd4 4. Nxd4 Nf6 5. Nc3 g6 6. Be3 Bg7 7. f3 Qa5 8. Nb3 Qc7 9. Nb5 Qc6 10. Nxa7 Qxe4 11. fxe4 1-0

[Event "Hrvatska 85/202"]
[Site "?"]
[Date "2002.??.??"]
[Round "?"]
[White "Sax, Gy"]
[Black "Cebalo, M."]
[Result "0-1"]
[WhiteElo "2511"]
[BlackElo "2548"]
[PlyCount "92"]
[EventDate "2002.??.??"]
[Source "Chess Informant"]
[SourceDate "2002.06.01"]

1. e4 c5 2. Nf3 d6 3. d4 Nf6 4. Nc3 cxd4 5. Nxd4 g6 6. Be3 Bg7 7. f3 O-O 8. Qd2 Nc6 9. O-O-O Bd7 10. g4 Rc8 11. h4 Ne5 12. Kb1 Qa5 13. Nb3 Qc7 14. Be2 b5 15. h5 b4 16. Nd5 Nxd5 17. exd5 a5 18. Bh6 Bxh6 19. Qxh6 Qxc2+ 20. Ka1 Qxe2 21. Nd4 Nxg4 22. fxg4 Qe5 23. hxg6 Qg7 24. gxh7+ Kh8 25. Qe3 Qe5 26. Qxe5+ dxe5 27. Nc6 Bxc6 28. dxc6 Rxc6 29. Rd5 Re6 30. Rxa5 e4 31. Kb1 Rd8 32. Kc2 e3 33. Rg5 e2 34. Rg8+ Rxg8 35. hxg8=Q+ Kxg8 36. Re1 Kf8 37. Kb3 Re4 38. g5 e6 39. Kc2 Re5 40. Kb3 Re4 41. Kc2 Ke7 42. Kd3 Re5 43. g6 fxg6 44. Kc4 g5 45. Kxb4 g4 46. Kc3 g3 0-1

[Event "CCOL13 prel2-01"]
[Site "?"]
[Date "1998.??.??"]
[Round "?"]
[White "Peres Joao Luis Martins"]
[Black "Nizynski Maciej"]
[Result "1-0"]
[WhiteElo "2475"]
[BlackElo "2575"]
[PlyCount "115"]
[EventDate "1998.??.??"]
[Source "www.chesslib.no"]
[SourceDate "2004.05.04"]

1. e4 c5 2. Nf3 d6 3. d4 cxd4 4. Nxd4 Nf6 5. Nc3 g6 6. Be3 Bg7 7. f3 a6 8. Qd2 Nbd7 9. Bc4 b5 10. Bb3 Nc5 11. h4 Bb7 12. O-O-O h5 13. Kb1 Rc8 14. a3 Nxb3 15. Nxb3 Qc7 16. Rhe1 O-O 17. Bh6 Kh7 18. Bxg7 Kxg7 19. g4 hxg4 20. fxg4 Rh8 21. g5 Ng4 22. Qf4 Ne5 23. Rf1 Rh7 24. Nd4 Kg8 25. h5 gxh5 26. Nf5 Kh8 27. Rh1 Ng6 28. Qf3 h4 29. Rd2 Kg8 30. Nd5 Bxd5 31. exd5 Kf8 32. Nh6 Ne5 33. Qf5 Rg7 34. Rxh4 Qd7 35. Qf1 Ke8 36. Nxf7 Nxf7 37. Rdh2 Qb7 38. Qf5 Kd8 39. g6 Ne5 40. Qf8+ Kd7 41. Qxg7 Qxd5 42. Rh7 Qd1+ 43. Ka2 Qd5+ 44. b3 Qe6 45. Rg2 Rg8 46. Qh6 Rxg6 47. Qe3 Nc6 48. Qb6 d5 49. Qb7+ Kd6 50. Rxg6 Qxg6 51. Rh2 a5 52. Qxb5 d4 53. b4 axb4 54. axb4 Qe6+ 55. Kb2 Qd5 56. Rh6+ e6 57. Qf1 Qg5 58. Rh7 1-0

[Event "Petrosian Mem Open"]
[Site "Yerevan"]
[Date "2004.11.24"]
[Round "6"]
[White "Asrian, Karen"]
[Black "Evdokimov, Alexander A"]
[Result "1-0"]
[WhiteElo "2591"]
[BlackElo "2455"]
[PlyCount "67"]
[EventDate "2004.11.18"]
[Source "Roberto Alvarez"]
[SourceDate "2004.11.29"]

1. e4 c5 2. Nf3 d6 3. d4 cxd4 4. Nxd4 Nf6 5. Nc3 g6 6. Be3 Bg7 7. f3 O-O 8. Qd2 Nc6 9. O-O-O Bd7 10. g4 Rc8 11. h4 Ne5 12. Kb1 h5 13. g5 Ne8 14. f4 Ng4 15. Bg1 e5 16. fxe5 Bxe5 17. Bb5 Bg7 18. Bxd7 Qxd7 19. Nde2 Ne5 20. Bd4 Nc7 21. Rhf1 Rfe8 22. Nf4 Nb5 23. Bxe5 Rxe5 24. Ncd5 Rxe4 25. c3 Qf5 26. Qd3 Rc5 27. a4 Nxc3+ 28. bxc3 Qe5 29. Rf3 Ra5 30. Re3 Raxa4 31. Rde1 Reb4+ 32. Nxb4 Qxf4 33. Re4 Qf2 34. Qe2 1-0

[Event "Zhong Hong Real Estate Cup"]
[Site "Beijing"]
[Date "2001.07.25"]
[Round "6"]
[White "Zhang Pengxiang"]
[Black "Liang Chong"]
[Result "1-0"]
[WhiteElo "2487"]
[BlackElo "2556"]
[PlyCount "45"]
[EventDate "2001.07.20"]
[Source "ChessBase"]
[SourceDate "2001.11.13"]

1. e4 c5 2. Nf3 d6 3. d4 cxd4 4. Nxd4 Nf6 5. Nc3 g6 6. Be3 Bg7 7. f3 Nc6 8. Bc4 Qb6 9. Nf5 Qxb2 10. Nxg7+ Kf8 11. Nd5 Nxd5 12. Bxd5 Kxg7 13. O-O Qc3 14. Re1 f6 15. Rb1 Nd8 16. f4 e6 17. e5 dxe5 18. fxe5 fxe5 19. Qf3 Qc7 20. Rf1 Qe7 21. Be4 Re8 22. Qg3 Kg8 23. Bxg6 1-0